• 首页
  • 本馆介绍
  • 公告通知
  • 最新文献
  • 馆藏检索
  • 电子资源
  • 读者导购
  • 参考咨询
  • 我的图书馆
  • 登录
  • 详细信息显示
  • 放入我的书架
  • 预约/预借图书
  • 作者相关作品
  • 分类相关作品
  • 丛书相关作品
  • 出版社相关作品

书目信息

  • 表格格式
  • 工作单格式
  • 卡片格式
题名:
Photoshop5.5图象制作实例
    
 
作者: 清汉计算机工作室
分册:  
出版信息: 北京   机械工业  2000
页数: 295
开本: 26cm
丛书名:
单 册:
中图分类: TP319.41
科图分类:
主题词: 软件
电子资源:
ISBN: 7-980037-90-1
000 00586nam0 2200181 450
001 0737190390
005 20070818101950.39
010    @a7-980037-90-1@d¥36.00
100    @a20070818d km y0chiy0120 ea
101 0  @achi
200 1  @aPhotoshop5.5图象制作实例@APhotoshop5.5 tu xiang zhi zuo shi li@f清汉计算机工作室@Fqing han ji suan ji gong zuo shi
210    @a北京@c机械工业@d2000
215    @a295@d26cm@e光盘1张
606 0  @a软件
690    @aTP319.41@v3
701  0 @a清汉计算机工作室@Aqing han ji suan ji gong zuo shi
801  0 @aCN@bPFT@c20070818
905    @a213230@dTP319.41@eJ3QH@f1
    
    Photoshop5.5图象制作实例/清汉计算机工作室.-北京:机械工业,2000
    295;26cm+光盘1张
    
    
    ISBN 7-980037-90-1:¥36.00
    
●
相关链接 在E读中查询图书 在五车中查询图书 在当当中查询图书 在豆瓣中查询图书


正题名:Photoshop5.5图象制作实例     索取号:TP319.41/J3QH         预约/预借

序号 登录号 条形码 馆藏地/架位号 状态 备注
1 6100586   261005860   密集书库—计算机科学学院/ [索取号:TP319.41/J3QH] 在馆    
唐山师范学院图书馆 欢迎您!
大连网信软件有限公司© 版权所有